MDQL
is popping MORE tags! Check the
thread
!
Quizzes
Events
Quiz Creation
Community
Videos
Private Events
Remove Ads
Sign In
Join for FREE
Feedback
Dark Mode
Quiz Categories
Sports
Geography
Music
Movies
Television
Just For Fun
Miscellaneous
History
Literature
Language
Science
Gaming
Entertainment
Religion
Holiday
For Kids
Quiz Lab
Recent
Popular Today
Quiz Kudos Today
Editor Picks
Curator Picks
Quizzes by...
Day
Popularity
Type
Ratings
Length
Year
Community
Subscriptions
Recent Discussions
Orange Saloon
Badges
Playlists
Quests
Create
Leaderboards
Showdown
Live 5
Trivia Bingo
Activity
Puzzle Library
Sporcle Events
Private Events
Virtual Trivia
Globe League
Become a Host
Pub Owners
SporcleCon
Opinionation
Our Games
Videos
Blog
Mobile Apps
Partnerships
Remove Ads and Go Orange
Feedback
Sports
Athletes
MLB
NBA
NHL
NFL
Soccer
Sports Teams
WWE
NCAA
Football
Premier League
Basketball
Baseball
Hockey
Golf
Tennis
Cricket
Rugby
Auto Racing
Olympics
World Cup
Sports
Athletes
MLB
NBA
NHL
NFL
Soccer
Sports Teams
WWE
NCAA
Football
Premier League
Basketball
Baseball
Hockey
Golf
Tennis
Cricket
Rugby
Auto Racing
Olympics
World Cup
Random Quiz
Search Sporcle
×
Curator Pick
Curator Pick
Sports
Football
Type in answers that appear in a list
Type in answers that appear in a list
Classic
Best Score? Go Orange.
NFL: Aaron Rodgers TD Receivers Stats
Can you name the Players who have caught a TD pass from Aaron Rodgers
By
cubFan90
10m
47 Questions
2,198 Plays
2,198 Plays
2,198 Plays
Comments
Comments
Give Quiz Kudos
Give Quiz Kudos
-
- Ratings
hide this ad
More Info
Replay
Link that replays current quiz
Next Quiz
Link to next quiz in quiz playlist
You Got
0%
They Got
Avg Score
38%
Avg Friend Score
Upgrade to see
Score Distribution
Jump to the score distribution portion of the page
Score
0/47
Timer
10:00
0
Plays Today
TD Catches
Answer
% Correct
70
Jordy Nelson
94.4%
18
Aaron Jones
89.4%
50
Randall Cobb
89.3%
77
Davante Adams
86.2%
45
James Jones
85%
42
Greg Jennings
82.3%
23
Donald Driver
81.4%
6
Eddie Lacy
72.7%
6
Christian Watson
72.6%
20
Allen Lazard
70.5%
19
Jermichael Finley
67.5%
5
Jimmy Graham
67.4%
18
Robert Tonyan
65.6%
6
Marcedes Lewis
65%
15
Richard Rodgers
63.9%
2
AJ Dillon
63.9%
6
Jamaal Williams
60.7%
3
Romeo Doubs
60.4%
14
Marquez Valdes-Scantling
57.6%
10
John Kuhn
56.2%
5
James Starks
54%
1
Ryan Grant
50.3%
3
Jeff Janis
47.8%
1
Equanimeous St. Brown
47.7%
TD Catches
Answer
% Correct
3
Jared Cook
44.5%
6
Geronimo Allison
42.4%
3
Brandon Jackson
37.5%
3
Ty Montgomery
37.2%
5
Andrew Quarless
36.8%
2
Jake Kumerow
34.2%
9
Donald Lee
33.5%
1
Josiah Deguara
33.3%
1
Trevor Davis
32.4%
4
Tom Crabtree
32.1%
1
Malik Taylor
31.2%
2
Jace Sternberger
30.2%
1
Samori Toure
30.2%
1
Aaron Ripkowski
29.1%
1
Jarrett Boykin
25.4%
1
Ryan Taylor
23.9%
1
Brandon Bostick
23.7%
1
Dominique Dafney
22.9%
1
Korey Hall
20.5%
2
Lance Kendricks
20.5%
5
Spencer Havner
19.7%
1
Ruvell Martin
18.6%
1
Justin Perillo
16.6%
Quiz Playlist
Details
Report
Send in Message
Add To Playlist
More Info:
Up to date through Week 17, 2022 season. Includes playoffs.
Classic:
Type in answers that appear in a list
Last Updated: Nov 1, 2023
Curator Pick in
Football
Quiz Scoreboard
CHALLENGE
Sign Up to Join the Scoreboard
Show All
Scores
Hide
Comments
May contain spoilers
Recently Published
5x2 Blitz: Bands
by SL_Kpop136
Music
30s
Colored Red Africa Blitz
by spor1
Geography
30s
Find the 'City' Movie
by crazypaving
Movies
60s
More to Explore
Quiz From the Vault
Featured Blog Post
14 Easter Pick-up Lines to Find Eggs With
hide this ad
You Might Also Like...
Tags
Football Quiz
NFL Quiz
Aaron Rodgers
Green Bay Packers
NFL Player
Passing Touchdowns
Receiving Touchdowns
Touchdown
Today's Top Quizzes in Sports
Browse Sports
hide this ad
Today's Top Quizzes in Football
Browse Football
Top Contributed Quizzes in Sports
1
Players with Multiple 50 Home Run Seasons
2
Criteria MLB: Left Handed Sluggers
3
MLB Players with Two .350 Batting Average Seasons
4
Who Hit More Homers?
5
Premier League Clubs since 2000 (minefield)
6
Who Needs Fielders?
7
2020 F1 Drivers Logic Puzzle
8
Les entraîneurs de l'OM et du PSG au 21e siècle
9
Top 10 NHL Goal Scorers of All Time
10
MLB Hall of Famer by Rings
Explore More
Trending Topics
Kpop
Marvel
NBA
Anime
Harry Potter
Disney
Crossword
Country
Soccer
WWE
Puzzle
The Office
Song
Pokémon
NFL
hide this ad
More By:
cubFan90
Quiz
Plays
Rating
Category
Featured
Created
NFL 1000+ Yd Receivers in the 2010s
150,754
4.50
Sports
Sep 21, 2015
NFL 100 Yard Rushers (2015)
25,711
4.32
Sports
Jan 8, 2016
Top 2 Rushers by Team (2020)
5,250
5.00
Sports
Aug 31, 2021
NFL Top 100 Receiving Yards of All Time
4,134
4.36
Sports
Jun 22, 2015
NFL: Top 100 Running Backs of All Time
4,083
3.67
Sports
Sep 3, 2014
Go to Creator's Profile
Score Distribution
Quiz Creator Spotlight
cubFan90
Follow
Send a Message
Quizzes Created
-
Created Quiz Play Count
-
More By This Creator
Popular Quizzes Today
1
Find the 'City' Movie
2
5x2 Blitz: Bands
3
Colored Red Africa Blitz
4
Find the US States - No Outlines Minefield
5
The Countries of the World
6
Find the US States
7
9x9 Crossword: Cartoon Network
8
US States
More Sports Quizzes
Soccer Passports: Managers II
Quiz Lab
Trending Quizzes
Colored Red Europe Blitz I
Colored Red Africa Blitz II
Colored Red Europe Blitz III
Colored Red Europe Blitz II
Colored Red Africa Blitz III
Recently Updated
Champions League XIs: Real Madrid
pecheneg
Largest US Cities 1790-2010
pecheneg
Rides in Walt Disney World
pecheneg
Most Oscar Losses (Acting)
pecheneg
Beyoncé Albums
pecheneg
Leaping Animals
pecheneg
Reality TV Shows (A-Z)
bhenderson79
Rickey Henderson's Hall of Fame Teammates
pecheneg
Champions League XIs: Arsenal
pecheneg
Quick Pick: Celebrities in WWE's Hall of Fame
aduchscher
Trending Topics
Crossword
Anime
Disney
Marvel
Kpop
NBA
Harry Potter
Soccer
Song
NFL
Country
Pokémon
WWE
The Office
Puzzle
Your Account Isn't Verified!
In order to create a playlist on Sporcle, you need to verify the email address you used during registration. Go to your
Sporcle Settings
to finish the process.
Report this User
Report this user for behavior that violates our
Community Guidelines
.
Details:
Send Report
Go to the Sporcle.com Mobile Site →
Comments